Atatürk Kültür, Dil ve Tarih Yüksek Kurumu 2009 performans programı (Record no. 800)

MARC details
000 -BAŞLIK
Sabit Uzunlukta Kontrol Alanı 00869na a2200229 4500
001 - KONTROL NUMARASI
Denetim Alanı 22659
003 - KONTROL NUMARASI IDENTIFIER
Denetim Alanı MIRAKIL
005 - SON İŞLEM TARİHİ VE ZAMANI
Denetim Alanı 20181213154802.0
008 - SABİT-BOY VERİ ELEMANLARI - GENEL BİLGİLER
Sabit Uzunlukta Kontrol Alanı 170221b tu 000 0
035 ## - SİSTEM KONTROL NUMARASI
Sistem Kontrol Numarası 15347
040 ## - KATALOGLAMA KAYNAK
Orijinal Kataloglama Ajansı Milas
Kataloglama Dili tur
Metne Dönüştürmek Ajansı TR-AnCHP
041 ## - DİL KODU
Metin / Ses Parça Veya Ayrı Başlığın Dil Kodu tur
082 ## - DEWEY ONLU SINIFLANDIRMA NUMARASI
Sınıflandırma Numarası 068.5610026
Ürün Numarası A72 2009
090 ## - SINIFLAMA NUMARASI
Sınıflama Numarası 068.5610026 A72 2009
245 ## - BAŞLIK TABLOSU
Başlık Atatürk Kültür, Dil ve Tarih Yüksek Kurumu 2009 performans programı
Başlığın Kalan (taslak)
Sorumluluk Tablosu, Vb [hazırlayan] Strateji Geliştirme Daire Başkanlığı
260 ## - YAYIN, DAĞITIM, VB
Yayın, Dağıtım, Vb Yeri İstanbul
Yayıncı, Dağıtıcı, Vs Adı Atatürk Kültür, Dil ve Tarih Yüksek Kurumu
Yayın, Dağıtım, Vb Tarihi 2009
300 ## - FİZİKSEL TANIM
Kapsam 80 s.
Diğer Fiziksel Ayrıntıları tbl.
Boyutlar 29 cm.
610 ## - KONU KATMA GİRİŞ - TOPLANTI ADI
Giriş Elemanı Olarak Kurumsal Ad Veya Yargı Alanı Adı Atatürk Kültür, Dil ve Tarih Yüksek Kurumu
Genel Alt Bölüm Çalışma raporları, 2009
651 ## - KONU KATMA GİRİŞ - COĞRAFİ ADI
Coğrafi İsim Türkiye
Genel Alt Bölümü Kültür politikaları
710 ## - KATMA GİRİŞ - KURUMSAL ADI
Giriş Elemanı Olarak Kurumsal Ad Veya Yargı Alanı Adı Atatürk Kültür, Dil ve Tarih Yüksek Kurumu
Alt Birim Strateji Geliştirme Daire Başkanlığı
942 ## - EKLENDİ GİRİŞ ELEMANLARI (KOHA)
Sınıflandırma Veya Raf Düzeni Kaynak Dewey Decimal Classification
Koha Öğesi Türü Books
999 ## - SİSTEM KONTROL NUMARALARI (KOHA)
Koha Biblionumber 800
Koha Biblioitemnumber 800
Holdings
Kullanım Kısıtlamaları Kalıcı Konum Mevcut Konum Edinme Tarihi Edinim Kaynak Toplam Check-Out'Lar Tam Çağrı Numarası Barkod Tarih Son Görülme İtibaren Geçerli Fiyatlar Koha Öğesi Türü
Kütüphane dışına çıkarılamaz CHP Kütüphanesi CHP Kütüphanesi 02/21/2017 Bağış   068.5610026 A72 2009 016239 02/21/2017 02/21/2017 Books